Planificación financiera de la empresa /

Guardado en:
Otros Autores: Urquijo y de la Puente, José Luis de.
Formato: Libro
Idioma:Spanish
Publicado: Bilbao : Ediciones Deusto, 1963.
Edición:2a. ed.
Series:Colección Gestión
Materias:
Etiquetas: Agregar Etiqueta
Sin Etiquetas, Sea el primero en etiquetar este registro!
LEADER 00668nam a22001935a 4500
001 EAD.ead003255
008 120910s1963####xx############001#0#spa#d
005 20120918115713.0
245 0 0 |a Planificación financiera de la empresa /  |c por José Luis de Urquijo y de la Puente ... [et al.]. 
250 |a 2a. ed. 
260 |a Bilbao :  |b Ediciones Deusto,  |c 1963. 
300 |a 277 p. ;  |c 24 cm. 
490 1 |a Colección Gestión 
500 |a Incluye índice. 
700 1 |a Urquijo y de la Puente, José Luis de. 
830 0 |a Colección Gestión 
082 0 4 |a 658.15  |2 21 
650 7 |a Planificación financiera.  |2 isoc 
859 |a AR-BaBDC  |b BIB. ADMINISTRACION - Libros  |h 658.15  |i Ur6  |p b00119